000 00666nam a2200205Ia 4500
999 _c3116
_d3116
003 GCL
005 20240530095013.0
008 140319s9999 xx 000 0 ara d
040 _aGCL /
_cGCL
082 0 4 _a780.92
_bص م
100 1 _aصلاح عبدالحافظ
245 1 0 _aمحمد عبدالوهاب :
_bقضايا فنية /
_cصلاح عبدالحافظ
250 _aالاولى
260 _aالقاهرة :
_bمكتبة ملتقى الفكر ،
_c2001
300 _a398 ص ؛
_c22 سم
650 0 4 _aالموسيقيون المصريون
650 0 4 _aمحمد عبدالوهاب
650 0 4 _aالموسيقى العربية
942 _2ddc
_cBK